Icones Roxburghianae; (Record no. 79660)
[ view plain ]
| 000 -LEADER | |
|---|---|
| fixed length control field | 00829cam a22002531 4500 |
| 001 - CONTROL NUMBER | |
| control field | sa 68003663 |
| 003 - CONTROL NUMBER IDENTIFIER | |
| control field | DLC |
| 005 - DATE AND TIME OF LATEST TRANSACTION | |
| control field | 20260227112455.0 |
| 008 - FIXED-LENGTH DATA ELEMENTS--GENERAL INFORMATION | |
| fixed length control field | 710903m19649999ii a 000 0 eng |
| 010 ## - LIBRARY OF CONGRESS CONTROL NUMBER | |
| LC control number | sa 68003663 |
| 025 ## - OVERSEAS ACQUISITION NUMBER | |
| Overseas acquisition number | PL480:I-E-9533 |
| 040 ## - CATALOGING SOURCE | |
| Original cataloging agency | DLC |
| Transcribing agency | DLC |
| Modifying agency | DLC |
| 043 ## - GEOGRAPHIC AREA CODE | |
| Geographic area code | a-ii--- |
| 050 00 - LIBRARY OF CONGRESS CALL NUMBER | |
| Classification number | QK358 |
| Item number | .R87 |
| 100 1# - MAIN ENTRY--PERSONAL NAME | |
| Personal name | Roxburgh, William, |
| Dates associated with a name | 1751-1815. |
| 245 10 - TITLE STATEMENT | |
| Title | Icones Roxburghianae; |
| Remainder of title | or, Drawings of Indian plants. |
| 260 ## - PUBLICATION, DISTRIBUTION, ETC. | |
| Place of publication, distribution, etc. | Calcutta, |
| Name of publisher, distributor, etc. | Botanical Survey of India, |
| Date of publication, distribution, etc. | 1964- |
| 300 ## - PHYSICAL DESCRIPTION | |
| Extent | v. (chiefly col. illus.) |
| Dimensions | 37 cm. |
| 350 ## - PRICE (NR) (BK AM CF MU VM SE) [OBSOLETE] | |
| Price | Rs8.75 |
| -- | $3.15 |
| 500 ## - GENERAL NOTE | |
| General note | "Part of a ... collection of water-colour drawings preserved in the Indian Botanic Garden, Calcutta." |
| 650 #0 - SUBJECT ADDED ENTRY--TOPICAL TERM | |
| Topical term or geographic name entry element | Plants |
| Geographic subdivision | India |
| Form subdivision | Pictorial works. |
| 710 2# - ADDED ENTRY--CORPORATE NAME | |
| Corporate name or jurisdiction name as entry element | Botanical Survey of India. |
| 740 0# - ADDED ENTRY--UNCONTROLLED RELATED/ANALYTICAL TITLE | |
| Uncontrolled related/analytical title | Drawings of Indian plants. |
No items available.